000 00807nam a2200289Ia 4500
005 20260324130134.0
008 008 260324s9999 xx 000 0 eng d
020 _a9781003550600
037 _aEBOOK
040 _aCRL
040 _beng
040 _cCRL
041 _2eng
041 _aeng
084 _qCRL
100 _aPaul Goring; Nicola Shaughnessy; Gail Marshall; Tetsuo Kishi; Michael Caines
_91180652
245 0 _aLives of Shakespearian Actors, Part I, Volume 1
245 0 _bDavid Garrick, Charles Macklin and Margaret Woffington by Their Contemporaries
260 _bTaylor and Francis
260 _c2008
365 _a
365 _b290
856 _uhttp://www.taylorfrancis.com/books/9781003550600
942 _cEBOOK
999 _c1776546
_d1776546